|
|
|
|
| LEADER |
00000cas a2200000 a 4500 |
| 001 |
vtls001218570 |
| 003 |
SK-MaSNL |
| 005 |
20260228162030.0 |
| 008 |
180126cuuuu9999pl ax 0 0b0pol c |
| 022 |
|
|
|a 0035-7707
|
| 035 |
|
|
|a SNK000162238
|
| 040 |
|
|
|a SNK
|b slo
|c SNK
|e AACR2
|
| 041 |
0 |
|
|a pol
|b eng
|
| 043 |
|
|
|a e-pl---
|
| 044 |
|
|
|a pl
|c PL
|
| 072 |
|
7 |
|a 81
|x Lingvistika. Jazyky
|2 konspekt
|
| 080 |
|
|
|a (438)
|2 2011
|
| 080 |
|
|
|a (058)
|2 2011
|
| 080 |
|
|
|a 050
|2 2011
|
| 080 |
|
|
|a 811.1/.9
|2 2011
|
| 245 |
0 |
0 |
|a Roczniki humanistyczne
|p językoznawstwo
|
| 260 |
|
|
|a Lublin
|b Towarzystwo Naukowe Katolickiego Uniwersytetu Lubelskiego
|
| 300 |
|
|
|a zv.
|c 24 cm
|
| 310 |
|
|
|a 1x ročne
|
| 546 |
|
|
|a Res. angl.
|
| 650 |
0 |
7 |
|a jazyky
|2 SNKPH
|9 51577
|
| 651 |
|
7 |
|a Poľsko
|2 SNKPH
|9 16755
|
| 655 |
|
7 |
|a ročenky
|2 SNKPH
|9 57146
|
| 910 |
|
|
|a snk
|
| 999 |
|
|
|c 6565
|d 8495
|
| 952 |
|
|
|0 0
|1 1
|4 0
|7 0
|8 2
|a SNK
|b SNK
|d 2007-05-21
|g 2.99
|i snk2007/13126
|l 0
|o snkČB 3823/E/48/2000
|p 17A0548472
|r 2026-02-21 20:15:55
|w 2026-02-21
|y PREZ
|z Tom 48, zeszyt 6 (2000)
|
| 952 |
|
|
|0 0
|1 1
|4 0
|7 0
|8 2
|a SNK
|b SNK
|d 2007-05-21
|g 5.97
|i snk2007/13122
|l 0
|o snkČB 3823/E/51/2003
|p 17A0548474
|r 2026-02-21 20:20:11
|w 2026-02-21
|y PREZ
|z Tom 51, zeszyt 6 (2003)
|
| 952 |
|
|
|0 0
|1 1
|4 0
|7 0
|8 2
|a SNK
|b SNK
|d 2007-05-21
|g 7.30
|i snk2007/13123
|l 0
|o snkČB 3823/E/52/2004
|p 17A0548475
|r 2026-02-21 20:20:11
|w 2026-02-21
|y PREZ
|z Tom 52, zeszyt 6 (2004)
|
| 952 |
|
|
|0 0
|1 1
|4 0
|7 0
|8 2
|a SNK
|b SNK
|d 2007-12-17
|g 7.63
|i snk2007/27270
|l 0
|o snkČB 3823/E/53/2005
|p 17A0563829
|r 2026-02-21 20:21:40
|w 2026-02-21
|y PREZ
|
| 952 |
|
|
|0 0
|1 1
|4 0
|7 0
|8 2
|a SNK
|b SNK
|d 2007-12-17
|g 7.97
|i snk2007/27271
|l 0
|o snkČB 3823/E/54/2006
|p 17A0563830
|r 2026-02-21 20:21:41
|w 2026-02-21
|y PREZ
|
| 952 |
|
|
|0 0
|1 1
|4 0
|7 0
|8 2
|a SNK
|b SNK
|d 2007-05-21
|g 9.96
|i snk2007/13121
|l 0
|o snkČB 3823/E/49-50/2001-2002
|p 17A0548473
|r 2026-02-21 20:29:00
|w 2026-02-21
|y PREZ
|z Tom 49-50, zeszyt 6 (2001/2002)
|
| 952 |
|
|
|0 0
|1 1
|4 0
|7 0
|8 2
|a SNK
|b SNK
|d 1996-07-26
|i snkV 1195/96
|l 0
|o snkČB 3823/E/43/1995
|p 17A0006917
|r 2005-01-01 00:00:00
|w 2026-02-21
|y PREZ
|
| 952 |
|
|
|0 0
|1 1
|4 0
|7 0
|8 2
|a SNK
|b SNK
|d 2000-06-07
|i snkV 2984/97
|l 0
|o snkČB 3823/E/44/1996
|p 17A0108888
|r 2005-01-01 00:00:00
|w 2026-02-21
|y PREZ
|
| 952 |
|
|
|0 0
|1 1
|4 0
|7 0
|8 2
|a SNK
|b SNK
|d 2000-06-07
|i snkV 895/2000
|l 0
|o snkČB 3823/E/45-46/1997-1998
|p 17A0242751
|r 2005-01-01 00:00:00
|w 2026-02-21
|y PREZ
|